000 00954nam a2200277Ia 4500
003 OSt
005 20221005035957.0
006 a|||||r|||| 00| 0
007 ta
008 221004b |||||||| |||| 00| 0 eng d
020 _a9788173048371 (hbk)
_c750
024 _a99246
037 _bG-3337/09-10, 29/10/2009, Manohar Publisher & Distributors
_cTextual
040 _aCRL
_cCRL
_beng
041 _2eng
_aeng
082 _aT2(Q7):3.4, P9
100 _aNoor Frish A. Ed.
_9588809
245 0 _aMadrasa in Asia
_b Political activism and transnational linkages
260 _aDelhi
_bManohar India
_c2009
300 _a303p.
_ccm.
650 _aEDUCATION
700 _a Bruinessen Martin van Ed.
700 _a Sikand Yoginder Ed.
942 _hT2(Q7):3.4, P9
_cTEXL
_2cc
999 _c946139
_d946139